000 00490nam a22001817a 4500
005 20251127120614.0
008 251121b |||||||| |||| 00| 0 eng d
020 _a978-93-88022-00-2
041 _aeng
082 _a615 GOH-F
100 _aGOHIL,, CHIRAG KUMAR J.
_98771
245 _aFUNDAMENTALS OF PHARMACY : FOR GPAT & NIPER
250 _aRE.P. ED. 2024
260 _aNEW DELHI
_bINNOVATIVE PUBLICATION PVT. LTD
300 _a69;P
650 _aPHARMACY
_xB,PHARMA
942 _cBK
999 _c8946
_d8944